[Event "40th Olympiad Women"]
[Site "Istanbul TUR"]
[Date "2012.09.07"]
[Round "10.18"]
[Board "2"]
[White "Seps, Monika"]
[Black "Linares Napoles, Oleiny"]
[Result "0-1"]
[WhiteTitle "WIM"]
[BlackTitle "WGM"]
[WhiteElo "2227"]
[BlackElo "2355"]
[WhiteTeam "Switzerland"]
[BlackTeam "Cuba"]
[WhiteFideId "1308521"]
[BlackFideId "3504794"]
[EventDate "2012.08.28"]

1. e4 d6 2. d4 Nf6 3. Nc3 g6 4. f4 Bg7 5. Nf3 c5 6. Bb5+ Bd7 7. Bxd7+ Nfxd7 8.
d5 b5 9. O-O b4 10. Ne2 a5 11. a3 Na6 12. axb4 axb4 13. f5 Nc7 14. Rxa8 Qxa8 15.
Qe1 Qa6 16. Nf4 Nb5 17. Nd3 Nd4 18. Nxd4 Bxd4+ 19. Be3 Bf6 20. Bh6 Kd8 21. Qa1
Qxa1 22. Rxa1 Kc8 23. Kf2 Kb7 24. g4 Ne5 25. Nxe5 Bxe5 26. Rb1 Bxh2 27. Bg7 Rg8
28. Rh1 Rxg7 29. Rxh2 gxf5 30. gxf5 Kc7 31. Kf3 Kd7 32. c3 bxc3 33. bxc3 f6 34.
Kf4 Ke8 35. Rh3 Kf7 36. Rh2 Kg8 37. Rh3 Rg5 38. Rg3 h6 39. Rg4 Kf7 40. Rh4 h5
41. Rh1 Kg7 42. Ra1 Kh7 43. Ra7 Rg4+ 44. Kf3 Rg7 45. Ra1 Kh6 46. Kf4 h4 47. Ra8
h3 48. Rh8+ Rh7 49. Ra8 h2 50. Ra1 Rg7 51. Rh1 Rg2 52. c4 Kh5 53. Kf3 Rc2 54.
Kg3 Kg5 55. Re1 Rxc4 56. Kxh2 Kf4 0-1

[Event "40th Olympiad Women"]
[Site "Istanbul TUR"]
[Date "2012.09.07"]
[Round "10.18"]
[Board "3"]
[White "Arribas Robaina, Maritza"]
[Black "Heinatz, Gundula"]
[Result "1-0"]
[WhiteTitle "WGM"]
[BlackTitle "WIM"]
[WhiteElo "2296"]
[BlackElo "2197"]
[WhiteTeam "Cuba"]
[BlackTeam "Switzerland"]
[WhiteFideId "3501418"]
[BlackFideId "4612434"]
[EventDate "2012.08.28"]

1. e4 c5 2. Nf3 Nc6 3. Bb5 g6 4. O-O Bg7 5. d3 e5 6. Be3 d6 7. c3 Ne7 8. Na3 O-O
9. h3 a6 10. Bxc6 Nxc6 11. Qd2 Qe7 12. Nc4 b5 13. Nb6 Rb8 14. Nd5 Qd8 15. d4
cxd4 16. cxd4 exd4 17. Nxd4 Ne5 18. b3 Bb7 19. Rac1 Bxd5 20. exd5 Rc8 21. Rxc8
Qxc8 22. Rc1 Qb7 23. Nc6 Re8 24. Bd4 Nd7 25. Bxg7 Kxg7 26. Qd4+ Nf6 27. Rd1 Re4
28. Qb2 Qd7 29. f3 Re3 30. Kf2 Qe8 31. Qd2 Re5 32. Nxe5 Qxe5 33. Qd4 Qg5 34. h4
Qf5 35. g4 1-0

[Event "40th Olympiad Women"]
[Site "Istanbul TUR"]
[Date "2012.09.07"]
[Round "10.18"]
[Board "4"]
[White "De Seroux, Camille"]
[Black "Llaudy Pupo, Lisandra"]
[Result "1/2-1/2"]
[WhiteTitle "WFM"]
[BlackTitle "WIM"]
[WhiteElo "2101"]
[BlackElo "2264"]
[WhiteTeam "Switzerland"]
[BlackTeam "Cuba"]
[WhiteFideId "1305620"]
[BlackFideId "3506487"]
[EventDate "2012.08.28"]

1. e4 Nf6 2. e5 Nd5 3. d4 d6 4. Nf3 Bg4 5. Be2 e6 6. c4 Nb6 7. h3 Bh5 8. O-O Be7
9. Nc3 O-O 10. Be3 N8d7 11. g4 Bg6 12. h4 h6 13. h5 Bh7 14. Bd3 f5 15. exf6 Nxf6
16. Bxh7+ Nxh7 17. Qe2 Qd7 18. Ne1 Rae8 19. b3 Kh8 20. Nd3 Bg5 21. Ne4 e5 22.
Bxg5 Nxg5 23. Nxg5 hxg5 24. dxe5 Qe6 25. Rae1 Kg8 26. f3 Nd7 27. Qd2 dxe5 28.
Qxg5 Qd6 29. Qe3 Nf6 30. Nf2 Qa6 31. Re2 Qe6 32. Ne4 Nxe4 33. Qxe4 c6 34. Qe3
Qd6 35. Rd2 Qf6 36. Qe4 Qg5 37. Rd7 Qh4 38. Kg2 Rf6 39. Rxb7 Rd8 40. Qe3 e4 41.
Re7 Rd3 42. Re8+ Kf7 43. Re7+ Kg8 44. Re8+ Kf7 45. Re7+ Kg8 1/2-1/2

[Event "40th Olympiad Women"]
[Site "Istanbul TUR"]
[Date "2012.09.07"]
[Round "10.19"]
[Board "1"]
[White "Kulovana, Eva"]
[Black "Borosova, Zuzana"]
[Result "1-0"]
[WhiteTitle "WGM"]
[BlackTitle "WGM"]
[WhiteElo "2259"]
[BlackElo "2280"]
[WhiteTeam "Czech Republic"]
[BlackTeam "Slovakia"]
[WhiteFideId "318779"]
[BlackFideId "14905779"]
[EventDate "2012.08.28"]

1. e4 e5 2. Nf3 Nc6 3. Bb5 a6 4. Ba4 Nf6 5. O-O Be7 6. Re1 b5 7. Bb3 O-O 8. a4
Bb7 9. d3 d6 10. Nbd2 Qd7 11. Nf1 Nd8 12. c3 Ne6 13. Bc2 c5 14. d4 cxd4 15. cxd4
bxa4 16. Ng3 Qc7 17. Rxa4 Rfc8 18. Bb1 Qd7 19. Bd2 Bc6 20. Rc4 exd4 21. Nf5 Bb7
22. Rxc8+ Rxc8 23. N3xd4 Nxd4 24. Nxd4 Qg4 25. Nf5 Qxd1 26. Nxe7+ Kf8 27. Rxd1
Kxe7 28. Bb4 Ne8 29. e5 Rd8 30. f4 g6 31. Ba2 f5 32. Be1 Kf8 33. Bh4 Rd7 34. Be6
Re7 35. exd6 1-0

[Event "40th Olympiad Women"]
[Site "Istanbul TUR"]
[Date "2012.09.07"]
[Round "10.19"]
[Board "2"]
[White "Pokorna, Regina"]
[Black "Nemcova, Katerina"]
[Result "1-0"]
[WhiteTitle "WGM"]
[BlackTitle "WGM"]
[WhiteElo "2353"]
[BlackElo "2276"]
[WhiteTeam "Slovakia"]
[BlackTeam "Czech Republic"]
[WhiteFideId "14902052"]
[BlackFideId "322750"]
[EventDate "2012.08.28"]

1. e4 e5 2. Nf3 Nc6 3. Bb5 a6 4. Ba4 Nf6 5. O-O Be7 6. Re1 b5 7. Bb3 O-O 8. c3
d6 9. d4 Bg4 10. Be3 exd4 11. cxd4 Na5 12. Bc2 c5 13. Nbd2 Re8 14. Qb1 cxd4 15.
Nxd4 Rc8 16. a4 b4 17. Bd3 Ra8 18. Nc4 Bd7 19. h3 h6 20. b3 Bf8 21. Bd2 Nxc4 22.
Bxc4 Qb6 23. Qd3 a5 24. Bf4 Rad8 25. Rad1 Bc8 26. Bb5 Bd7 27. Bc4 Bc8 28. Bb5
Bd7 29. Rc1 Rc8 30. Bc4 Rcd8 31. Bb5 Rc8 32. Bxd7 Nxd7 33. Rxc8 Rxc8 34. Nb5 Ne5
35. Qg3 Rc2 36. Rd1 Kh7 37. Be3 Qb7 38. Nxd6 Bxd6 39. Rxd6 Qxe4 40. Rd4 Qf5 41.
Rd5 f6 42. Rxa5 Rc3 43. Ra7 Qb1+ 44. Kh2 Qg6 45. Qh4 Rxb3 46. Bd4 Rb1 47. Bxe5
fxe5 48. Qc4 Qg5 49. Qe4+ Qg6 50. Qxe5 Rf1 51. Qd4 b3 52. Rb7 Rb1 53. a5 h5 54.
a6 Rc1 55. a7 Rc8 56. Rb8 Qc2 57. Rxc8 Qxc8 58. Qe4+ 1-0

[Event "40th Olympiad Women"]
[Site "Istanbul TUR"]
[Date "2012.09.07"]
[Round "10.19"]
[Board "3"]
[White "Havlikova, Kristyna"]
[Black "Kochetkova, Julia"]
[Result "1/2-1/2"]
[WhiteTitle "WIM"]
[BlackTitle "WGM"]
[WhiteElo "2298"]
[BlackElo "2305"]
[WhiteTeam "Czech Republic"]
[BlackTeam "Slovakia"]
[WhiteFideId "309672"]
[BlackFideId "4139690"]
[EventDate "2012.08.28"]

1. e4 c5 2. Nf3 e6 3. d4 cxd4 4. Nxd4 Nf6 5. Nc3 d6 6. Be2 Be7 7. O-O O-O 8. Be3
Nc6 9. f4 e5 10. Nb3 exf4 11. Bxf4 Be6 12. Kh1 d5 13. e5 Nd7 14. Nxd5 Ndxe5 15.
Nxe7+ Qxe7 16. Qe1 Ng6 17. Bg3 Rac8 18. Rd1 Rfe8 19. Bf3 Nb4 20. Bd6 Nxc2 21.
Qd2 Qd8 22. Bxb7 Bxb3 23. axb3 Ne3 24. Bxc8 Nxf1 25. Rxf1 Qxc8 26. Qf2 Qb7 27.
b4 Re6 28. Bc5 h6 29. Re1 Rxe1+ 30. Qxe1 a6 31. Bd6 Qd7 32. Bg3 Ne7 33. h3 Nd5
34. Qe5 Qb5 35. Be1 Qf1+ 36. Kh2 Nf4 37. Qe8+ Kh7 38. Qe4+ Kg8 39. Qe8+ Kh7 40.
Qe4+ Ng6 41. Bc3 h5 42. Qd4 f6 43. Qe4 Qb5 44. g4 hxg4 45. hxg4 Qf1 46. Kg3 Qd1
47. Kg2 Qd7 48. Kh3 Qb5 49. Kg2 Qg5 50. Kg3 Qc1 51. Qf5 Qe3+ 52. Kg2 Qh6 53. Kg3
Qe3+ 54. Kg2 Qe8 55. Kg3 Qf7 56. Qe4 Qc7+ 57. Kf3 Qh2 58. Bd4 Qh1+ 59. Ke3 Qe1+
60. Kd3 Qb1+ 61. Ke3 Qd1 62. Qf5 Qb3+ 63. Bc3 Qf7 64. Kf2 Qe8 65. Bd4 Kh8 66.
Qh5+ Kg8 67. Qd5+ Kh8 1/2-1/2

[Event "40th Olympiad Women"]
[Site "Istanbul TUR"]
[Date "2012.09.07"]
[Round "10.19"]
[Board "4"]
[White "Machalova, Veronika"]
[Black "Olsarova, Tereza"]
[Result "1/2-1/2"]
[WhiteTitle "WFM"]
[BlackTitle "WIM"]
[WhiteElo "2222"]
[BlackElo "2241"]
[WhiteTeam "Slovakia"]
[BlackTeam "Czech Republic"]
[WhiteFideId "14904888"]
[BlackFideId "325449"]
[EventDate "2012.08.28"]

1. e4 e5 2. Nf3 Nc6 3. Bb5 f5 4. d3 fxe4 5. dxe4 Nf6 6. Qd3 Bc5 7. Qc4 Qe7 8.
O-O a6 9. Bxc6 bxc6 10. Bg5 Bb6 11. Re1 Bb7 12. Nc3 d6 13. b4 h6 14. Be3 Bxe3
15. fxe3 Qf7 16. Qxf7+ Kxf7 17. Rab1 Ke6 18. a3 Bc8 19. h3 Bd7 20. Kh2 Be8 21.
Nd2 Bg6 22. g4 Rhf8 23. Kg3 Rad8 24. Rb2 Bh7 25. h4 h5 26. g5 Ng4 27. Re2 Rf7
28. Rb1 Rdf8 29. Nd1 d5 30. exd5+ cxd5 31. Rc1 Kd6 32. c4 Bd3 33. Re1 c6 34.
cxd5 cxd5 35. Rc5 Bb5 36. Nc3 Bc6 37. Rc1 Ba8 38. Nd1 Nf2 39. Nxf2 Rxf2 40. Rc8
Bb7 41. Rxf8 Rxf8 42. Rc5 1/2-1/2

[Event "40th Olympiad Women"]
[Site "Istanbul TUR"]
[Date "2012.09.07"]
[Round "10.20"]
[Board "1"]
[White "Perena, Catherine"]
[Black "Azman Hisham, Nur Najiha"]
[Result "1/2-1/2"]
[WhiteTitle "WIM"]
[BlackTitle "WFM"]
[WhiteElo "2091"]
[BlackElo "1882"]
[WhiteTeam "Philippines"]
[BlackTeam "Malaysia"]
[WhiteFideId "5202744"]
[BlackFideId "5704685"]
[EventDate "2012.08.28"]

1. d4 d5 2. c4 e6 3. Nc3 Nf6 4. Bg5 Be7 5. Nf3 O-O 6. e3 h6 7. Bh4 Ne4 8. Bxe7
Qxe7 9. Qb3 Rd8 10. Rc1 c6 11. Bd3 Nxc3 12. Qxc3 dxc4 13. Bxc4 b5 14. Be2 Bb7
15. Ne5 a5 16. O-O b4 17. Qc2 Ba6 18. Rfd1 Bxe2 19. Qxe2 Qe8 20. f4 f6 21. Nc4
Ra7 22. Rd2 Qe7 23. Qf3 a4 24. Qe4 Rc7 25. Nb6 e5 26. fxe5 fxe5 27. Nxa4 exd4
28. Qxe7 Rxe7 29. exd4 Re4 30. Rcd1 Nd7 31. d5 c5 32. h3 Ra8 33. b3 c4 34. d6 c3
35. Rc2 Rae8 36. Kf1 Rf8+ 37. Rf2 Rxf2+ 38. Kxf2 Kf7 39. a3 c2 40. Rc1 bxa3 41.
Rxc2 Rb4 42. Nc5 a2 43. Rxa2 Nxc5 44. Rc2 Ne4+ 45. Ke3 Nxd6 46. Rc3 Ke6 47. Kd3
Nb5 48. Rc6+ Kd5 49. Rg6 Rxb3+ 50. Kd2 Nd6 51. Rxg7 Ne4+ 52. Ke2 Rb2+ 53. Ke3
Ng5 54. h4 Ne6 55. Rg6 Rb3+ 56. Kf2 h5 57. Rh6 Ng7 58. Rg6 Ne6 59. Rh6 Ng7 60.
Rg6 Rb7 61. Rg5+ Ke4 62. g4 hxg4 63. Rxg4+ Kf5 64. Ra4 Rb3 65. Rc4 Ne6 66. Ra4
Rh3 67. Ra5+ Kg4 68. Re5 Nf4 69. Re8 Rh2+ 70. Ke1 Rxh4 71. Kd2 Rh3 72. Re7 Rd3+
73. Kc2 Kf3 74. Rf7 Rd6 75. Re7 Ne6 76. Kc3 Ke3 77. Rh7 Rc6+ 78. Kb4 Kd4 1/2-1/2

[Event "40th Olympiad Women"]
[Site "Istanbul TUR"]
[Date "2012.09.07"]
[Round "10.20"]
[Board "2"]
[White "Azman Hisham, Nur Nabila"]
[Black "Frayna, Janelle Mae"]
[Result "1/2-1/2"]
[WhiteTitle "WCM"]
[WhiteElo "1910"]
[BlackElo "1991"]
[WhiteTeam "Malaysia"]
[BlackTeam "Philippines"]
[WhiteFideId "5702135"]
[BlackFideId "5212499"]
[EventDate "2012.08.28"]

1. d4 Nf6 2. c4 g6 3. Nc3 d5 4. Nf3 Bg7 5. Qa4+ c6 6. cxd5 Nxd5 7. e4 Nxc3 8.
bxc3 O-O 9. Be2 c5 10. O-O cxd4 11. cxd4 Nc6 12. Be3 Bg4 13. Rfd1 a6 14. Rd2 b5
15. Qd1 Na5 16. Rc1 Rc8 17. Rdc2 Rxc2 18. Rxc2 Bxf3 19. gxf3 Qd7 20. d5 Rc8 21.
Qc1 Rxc2 22. Qxc2 e6 23. Bb6 Nb7 24. Qc6 Qxc6 25. dxc6 Nd6 26. c7 Nc8 27. Ba5
Be5 28. a4 bxa4 29. Bxa6 a3 30. Bc4 Kf8 31. Bb4+ Bd6 32. Bxa3 Bxa3 33. Ba6 Bd6
34. Bxc8 Bxc7 35. Ba6 Ke7 36. Bb5 Kf6 37. Be8 Ke7 38. Bb5 f5 39. Kg2 Kf6 40. Be8
Kg5 41. Bf7 Kf6 42. Be8 h5 43. exf5 exf5 44. h3 h4 45. Kg1 g5 46. Bd7 Ke5 47.
Kg2 Kf4 48. Bc8 Bb6 49. Bd7 1/2-1/2

[Event "40th Olympiad Women"]
[Site "Istanbul TUR"]
[Date "2012.09.07"]
[Round "10.20"]
[Board "3"]
[White "Docena, Jedara"]
[Black "Tan, Li Ting"]
[Result "0-1"]
[WhiteElo "2061"]
[BlackElo "1834"]
[WhiteTeam "Philippines"]
[BlackTeam "Malaysia"]
[WhiteFideId "5202361"]
[BlackFideId "5704820"]
[EventDate "2012.08.28"]

1. e4 e5 2. Nc3 Nf6 3. f4 d5 4. fxe5 Nxe4 5. Nf3 Be7 6. d3 Nxc3 7. bxc3 c5 8. d4
Nc6 9. Be2 O-O 10. O-O f6 11. Bf4 fxe5 12. Nxe5 Bd6 13. Bd3 Bxe5 14. Bxe5 Rxf1+
15. Qxf1 Nxe5 16. dxe5 Be6 17. Rd1 Qg5 18. Qe1 Re8 19. c4 dxc4 20. Be4 Rd8 21.
Rxd8+ Qxd8 22. Bxb7 Qd4+ 23. Kh1 c3 24. Bf3 Qd2 25. Qxd2 cxd2 26. a3 Bf5 27. Bd1
h5 28. h3 h4 29. Kg1 Kf7 30. Kf2 Ke6 31. Ke3 Kxe5 32. Kxd2 Be4 33. Ke3 Bxg2 34.
Bg4 Be4 35. c3 Bf5 36. Bxf5 Kxf5 37. Kd3 g5 38. Kc4 g4 39. hxg4+ Kxg4 40. Kxc5
h3 0-1

[Event "40th Olympiad Women"]
[Site "Istanbul TUR"]
[Date "2012.09.07"]
[Round "10.20"]
[Board "4"]
[White "Camilia, Bt. Johari"]
[Black "Fronda, Jan Jodilyn"]
[Result "0-1"]
[WhiteElo "1778"]
[BlackElo "2022"]
[WhiteTeam "Malaysia"]
[BlackTeam "Philippines"]
[WhiteFideId "5704677"]
[BlackFideId "5204585"]
[EventDate "2012.08.28"]

1. d4 d5 2. Nf3 Nf6 3. c4 c6 4. Qc2 g6 5. e3 Bf5 6. Bd3 Bxd3 7. Qxd3 dxc4 8.
Qxc4 Bg7 9. Nc3 O-O 10. O-O Nbd7 11. e4 Rc8 12. Rd1 Qc7 13. h3 e5 14. dxe5 Nxe5
15. Nxe5 Qxe5 16. f4 Qe7 17. Be3 b5 18. Qc5 Qxc5 19. Bxc5 Rfe8 20. e5 Nh5 21.
Be3 g5 22. fxg5 Rxe5 23. Bxa7 b4 24. Bd4 Re1+ 25. Rxe1 Bxd4+ 26. Kh2 bxc3 27.
Rad1 Bf2 28. Re2 Bg3+ 29. Kg1 Nf4 30. Re3 c2 31. Rc1 Rd8 0-1

[Event "40th Olympiad Women"]
[Site "Istanbul TUR"]
[Date "2012.09.07"]
[Round "10.21"]
[Board "1"]
[White "Medina, Warda Aulia"]
[Black "Vovk, Oksana"]
[Result "1/2-1/2"]
[WhiteTitle "WFM"]
[BlackTitle "WIM"]
[WhiteElo "2218"]
[BlackElo "2159"]
[WhiteTeam "Indonesia"]
[BlackTeam "Denmark"]
[WhiteFideId "7101570"]
[BlackFideId "1404695"]
[EventDate "2012.08.28"]

1. e4 e6 2. d4 d5 3. Nd2 c5 4. exd5 Qxd5 5. dxc5 Bxc5 6. Ngf3 Nf6 7. Bc4 Qd6 8.
O-O Nc6 9. Qe2 Qc7 10. Ne4 Be7 11. Bg5 Bd7 12. Bh4 Nxe4 13. Qxe4 Bxh4 14. Qxh4
Ne5 15. Nxe5 Qxe5 16. Rad1 Bc6 17. Rfe1 Qf6 18. Qg3 O-O 19. b4 a6 20. Bf1 Rfd8
21. c4 Qe7 22. Qb3 Rxd1 23. Rxd1 h6 24. a4 b6 25. a5 Qe8 26. Qe3 bxa5 27. bxa5
Rb8 28. Qa7 Qc8 29. h3 Be4 30. Kh2 Ra8 31. Qe7 Qc6 32. Rd7 Rf8 33. c5 Qa4 34.
Rd8 Rxd8 35. Qxd8+ Kh7 36. Bxa6 Bd5 37. Bd3+ f5 38. Bxf5+ exf5 39. Qxd5 Qf4+ 40.
g3 Qxf2+ 41. Qg2 Qxc5 42. a6 Qa5 43. Qe2 Qa4 44. Qd3 Kh8 45. Kg2 Qc6+ 46. Kf2
Qb6+ 47. Kf3 g6 48. Qc4 Kg7 49. Qa4 Qa7 50. Qc6 Qd4 51. Qc7+ Kf6 52. Qc6+ Kf7
53. Ke2 Qe5+ 54. Kd2 Qxg3 55. Qb7+ Kf6 56. a7 Qd6+ 57. Kc3 Qe5+ 58. Kc4 Qe2+ 59.
Kc5 Qe3+ 60. Kc6 Qe4+ 61. Kc7 Qe7+ 62. Kb6 Qb4+ 63. Kc6 Qe4+ 64. Kc7 Qe7+ 65.
Kb8 Qe8+ 66. Qc8 Qb5+ 67. Kc7 Qc5+ 68. Kb7 Qd4 1/2-1/2

[Event "40th Olympiad Women"]
[Site "Istanbul TUR"]
[Date "2012.09.07"]
[Round "10.21"]
[Board "3"]
[White "Dewi, Aa Citra"]
[Black "Fredericia, Louise"]
[Result "1-0"]
[WhiteTitle "WFM"]
[BlackTitle "WFM"]
[WhiteElo "2143"]
[BlackElo "2091"]
[WhiteTeam "Indonesia"]
[BlackTeam "Denmark"]
[WhiteFideId "7101244"]
[BlackFideId "1404113"]
[EventDate "2012.08.28"]

1. e4 c6 2. d4 d5 3. Nc3 dxe4 4. Nxe4 Bf5 5. Ng3 Bg6 6. h4 h6 7. Nf3 Nd7 8. h5
Bh7 9. Bd3 Bxd3 10. Qxd3 Ngf6 11. Bd2 e6 12. O-O-O Qc7 13. Ne4 Nxe4 14. Qxe4 Nf6
15. Qe2 O-O-O 16. g3 Bd6 17. c4 c5 18. Bc3 Kb8 19. dxc5 Qxc5 20. Nd4 Be7 21. b4
Qc8 22. Nb5 a6 23. Be5+ Ka8 24. Nc7+ Ka7 25. c5 Nd7 26. Bd6 Bxd6 27. cxd6 Nf6
28. Kb2 Nd5 29. Nxd5 exd5 30. Rxd5 Rhe8 31. Qd2 Qg4 32. Rh4 Qe2 33. Rhd4 Rd7 34.
a4 b6 35. b5 Kb7 36. Qc2 Qxc2+ 37. Kxc2 Re2+ 38. Rd2 Re4 39. bxa6+ Kxa6 40. Kb3
Kb7 41. R5d3 Re5 42. g4 f5 43. g5 b5 44. a5 Ka6 45. Rd5 Re6 46. Rxf5 Rexd6 47.
Rxd6+ Rxd6 48. g6 Rd3+ 49. Kc2 Rh3 50. Rf7 Rxh5 51. Rxg7 Kxa5 52. f4 Rh2+ 53.
Kd3 Rg2 54. f5 b4 55. Rg8 Rg3+ 56. Kc4 b3 57. Rb8 Ka6 58. Rxb3 Rg5 59. Rf3 1-0

[Event "40th Olympiad Women"]
[Site "Istanbul TUR"]
[Date "2012.09.07"]
[Round "10.21"]
[Board "4"]
[White "Frank-Nielsen, Marie"]
[Black "Aay, Aisyah Anisa"]
[Result "1-0"]
[WhiteTitle "WFM"]
[WhiteElo "1983"]
[BlackElo "1818"]
[WhiteTeam "Denmark"]
[BlackTeam "Indonesia"]
[WhiteFideId "1409344"]
[BlackFideId "7102895"]
[EventDate "2012.08.28"]

1. e4 c5 2. c3 d5 3. exd5 Qxd5 4. d4 Nf6 5. Nf3 Bg4 6. Be2 e6 7. O-O Be7 8. h3
Bh5 9. Be3 cxd4 10. cxd4 O-O 11. Nc3 Qd8 12. Qb3 b6 13. Rfd1 Nd5 14. Nxd5 exd5
15. Rac1 Qd6 16. Re1 Bf6 17. g3 Rd8 18. Bf4 Qf8 19. g4 Bg6 20. Bc7 Re8 21. Ne5
Bg5 22. Qxd5 Bxc1 23. Rxc1 Nd7 24. Qxd7 Re7 25. Qa4 Rc8 26. Qxa7 Qd8 27. Nc6
Rcxc7 28. Nxe7+ Rxe7 29. Qxe7 Qxe7 30. Rc8+ Qf8 31. Rxf8+ Kxf8 32. f4 Be4 33.
Kf2 Ke7 34. Ke3 Bg2 35. h4 Kd6 36. Bc4 f6 37. b4 Bc6 38. Bb3 b5 39. a3 h6 40.
Bg8 Bd7 41. g5 Bc6 42. Bh7 Bb7 43. Bd3 Bc6 44. Bg6 Bd7 45. Be4 Ke7 46. d5 f5 47.
gxh6 gxh6 48. Bf3 Be8 49. Kd4 Kd6 50. Bd1 Bf7 51. Bc2 Bxd5 52. Bxf5 Bc6 53. Be4
Be8 54. Bf5 Bf7 55. Bc8 Be8 56. f5 Kc7 57. Be6 Kd6 58. Bb3 Bc6 59. f6 Bd7 60. f7
Ke7 61. Ke5 Bc8 62. Ba2 Bd7 63. Bd5 Bh3 64. Bc6 Bf1 65. Be8 Be2 66. Kf5 Kf8 67.
Kf6 Bd3 68. Bd7 h5 69. Be6 Bc2 70. Bd7 Bd3 71. Be8 Bf1 72. Ke6 Bc4+ 73. Kd6 1-0

[Event "40th Olympiad Women"]
[Site "Istanbul TUR"]
[Date "2012.09.07"]
[Round "10.22"]
[Board "1"]
[White "Fierro Baquero, Martha L."]
[Black "Franciskovic, Borka"]
[Result "1-0"]
[WhiteTitle "IM"]
[BlackTitle "WIM"]
[WhiteElo "2384"]
[BlackElo "2258"]
[WhiteTeam "Ecuador"]
[BlackTeam "Croatia"]
[WhiteFideId "3600270"]
[BlackFideId "14507943"]
[EventDate "2012.08.28"]

1. c4 c5 2. g3 Nc6 3. Bg2 Nf6 4. Nc3 e6 5. Nf3 a6 6. O-O Be7 7. d4 cxd4 8. Nxd4
Qc7 9. b3 O-O 10. Bb2 d6 11. Rc1 Ne5 12. e3 Bd7 13. Qe2 Rfe8 14. Rfd1 Rac8 15.
Rd2 Qb8 16. Rcd1 Rcd8 17. Ba3 Bc8 18. h3 Ng6 19. Nc2 Qc7 20. Bb2 Bd7 21. e4 Bc8
22. Ne3 b6 23. Rd4 Bb7 24. Ba3 b5 25. Bb4 Rd7 26. cxb5 a5 27. b6 Qxb6 28. Na4
Qc7 29. Be1 Bc6 30. Rc1 Qb7 31. Rxc6 Qxc6 32. e5 d5 33. exf6 Bxf6 34. Rd2 Ra7
35. Ng4 Be7 36. Rc2 Qd6 37. Qb5 Rb8 38. Qd3 h5 39. Ne3 h4 40. Ng4 hxg3 41. fxg3
Bd8 42. Bc3 Rd7 43. Re2 Rc8 44. Bd4 Rc1+ 45. Bf1 Bc7 46. Bb2 Rc6 47. Be5 Qb4 48.
Bb2 Qd6 49. Kh2 Rd8 50. Nc3 Bb8 51. Nb5 Qd7 52. Bg2 Rcc8 53. a4 Qe7 54. Nd4 Qg5
55. Nf3 Qh5 56. Re1 Re8 57. Nfe5 Nxe5 58. Nxe5 Re7 59. Ng4 Qg5 60. Qf3 Rc2 61.
Ba3 Re8 62. Ne3 Rc3 63. Bb2 Rxb3 64. Re2 Ba7 65. h4 Qh6 66. Nf5 Rxf3 67. Nxh6+
gxh6 68. Bxf3 Rb8 69. Rc2 Rb4 70. Bf6 Bd4 71. Bxd4 Rxd4 72. Ra2 e5 73. Kg2 Kg7
74. Kf2 f5 75. Ke3 Kf6 76. Rb2 Rxa4 77. Rb6+ Kg7 78. Bxd5 f4+ 79. gxf4 exf4+ 80.
Kf3 Rb4 81. Ra6 a4 82. Be4 h5 83. Kxf4 Rc4 84. Rg6+ Kf7 85. Rg5 a3 86. Ra5 Rc3
87. Kg5 Rg3+ 88. Kxh5 Kg7 89. Bf5 Kf6 90. Bg4 Kg7 91. Kg5 Rc3 92. Ra7+ Kh8 93.
h5 Rc5+ 94. Bf5 Rc3 95. Ra8+ 1-0

[Event "40th Olympiad Women"]
[Site "Istanbul TUR"]
[Date "2012.09.07"]
[Round "10.22"]
[Board "2"]
[White "Golubenko, Valentina"]
[Black "Heredia Serrano, Carla"]
[Result "1-0"]
[WhiteTitle "WGM"]
[BlackTitle "WIM"]
[WhiteElo "2297"]
[BlackElo "2242"]
[WhiteTeam "Croatia"]
[BlackTeam "Ecuador"]
[WhiteFideId "4501993"]
[BlackFideId "3603687"]
[EventDate "2012.08.28"]

1. d4 d5 2. c4 c6 3. Nc3 dxc4 4. a4 e5 5. e3 exd4 6. exd4 Be6 7. Nf3 Nd7 8. Be2
Ngf6 9. O-O Be7 10. Nd2 O-O 11. Bxc4 Nd5 12. Bxd5 Bxd5 13. Nxd5 cxd5 14. Qb3 Bf6
15. Qxb7 Bxd4 16. Qxd5 Nc5 17. Qc4 Rc8 18. Nf3 Bxf2+ 19. Rxf2 Nd3 20. Qd4 Nxc1
21. Qxa7 Re8 22. Rf1 Ra8 23. Qc5 Nd3 24. Qc2 Qb6+ 25. Kh1 Qe3 26. Ra3 Red8 27.
Rc3 Rab8 28. h3 h6 29. a5 Qe4 30. b3 Qd5 31. Ra1 Nb4 32. Qf2 Nd3 33. Qc2 Nb4 34.
Qe2 Nd3 35. a6 Rxb3 36. Rxb3 Qxb3 37. a7 Ra8 38. Qe7 Qb2 39. Ra3 Qc1+ 40. Kh2
Qf4+ 41. Kh1 Qc1+ 42. Ng1 Nf2+ 43. Kh2 Qf4+ 44. g3 Qd2 45. Qe2 Ne4 46. Qxd2 Nxd2
47. Ne2 Nc4 48. Ra6 Kf8 49. Nf4 Ke8 50. Ra4 Nb6 51. Rb4 Nd7 52. Rb7 Ke7 53. Nd5+
Kd6 54. Rxd7+ Kxd7 55. Nb6+ Kc7 56. Nxa8+ Kb7 57. Nc7 Kxa7 58. Ne8 g6 59. Nd6 f6
60. h4 Kb6 61. Nf7 h5 62. Nh8 g5 63. hxg5 fxg5 64. Kh3 Kc5 65. Nf7 Kd4 66. Nxg5
Ke3 67. Kh4 Kf2 68. Nh3+ Kg2 1-0

[Event "40th Olympiad Women"]
[Site "Istanbul TUR"]
[Date "2012.09.07"]
[Round "10.22"]
[Board "3"]
[White "Vasquez Ramirez, Rocio"]
[Black "Medic, Mirjana"]
[Result "0-1"]
[WhiteTitle "WIM"]
[BlackTitle "WGM"]
[WhiteElo "2132"]
[BlackElo "2185"]
[WhiteTeam "Ecuador"]
[BlackTeam "Croatia"]
[WhiteFideId "3600750"]
[BlackFideId "14501619"]
[EventDate "2012.08.28"]

1. d4 e6 2. c4 f5 3. Nc3 Nf6 4. g3 d5 5. Bg2 c6 6. Nf3 Bd6 7. Bf4 Bxf4 8. gxf4
O-O 9. Ne5 Qe7 10. c5 Bd7 11. e3 Be8 12. Bf3 Nbd7 13. Nxd7 Qxd7 14. b4 Qe7 15.
a4 b6 16. a5 Rb8 17. Rb1 Qc7 18. axb6 axb6 19. O-O Bf7 20. Be2 b5 21. Ra1 Ra8
22. Qc2 h6 23. f3 Bh5 24. Kf2 Kh8 25. h4 Qe7 26. Rxa8 Rxa8 27. Qb2 Nh7 28. Rh1
Nf6 29. Ra1 Rxa1 30. Qxa1 Kh7 31. Na2 Ne4+ 32. fxe4 Qxh4+ 33. Kg2 Bxe2 34. Nc1
Qg4+ 35. Kf2 Qf3+ 36. Ke1 Qf1+ 37. Kd2 Qd1+ 38. Kc3 dxe4 39. Qb2 Bc4 40. Qa3 h5
41. Kb2 h4 42. Qa5 Qd2+ 43. Kb1 Qxe3 44. Qd8 Qxf4 45. Qd6 Qd2 46. Qxc6 Qxb4+ 47.
Kc2 Bd5 48. Qe8 Qa4+ 49. Kb1 Qa8 50. Qh5+ Kg8 51. Qxh4 b4 52. Qg3 Qd8 53. Ne2
Qa8 54. Qg6 Kf8 55. Qg3 Qa2+ 56. Kc1 Qa3+ 0-1

[Event "40th Olympiad Women"]
[Site "Istanbul TUR"]
[Date "2012.09.07"]
[Round "10.22"]
[Board "4"]
[White "Berke, Ana"]
[Black "Romero Echeverria, Abigail"]
[Result "1-0"]
[WhiteTitle "WFM"]
[BlackTitle "WFM"]
[WhiteElo "2160"]
[BlackElo "2109"]
[WhiteTeam "Croatia"]
[BlackTeam "Ecuador"]
[WhiteFideId "14510359"]
[BlackFideId "3603806"]
[EventDate "2012.08.28"]

1. e4 c5 2. Nf3 e6 3. d4 cxd4 4. Nxd4 a6 5. c4 Nf6 6. Nc3 Qc7 7. a3 b6 8. Be2
Bb7 9. f3 d6 10. Be3 Nbd7 11. O-O Be7 12. Rc1 O-O 13. b4 Rac8 14. Qd2 Rfe8 15.
Rc2 Qb8 16. Kh1 Bd8 17. Bg1 Bc7 18. Rb1 Kh8 19. Na4 Qa8 20. Qc1 Kg8 21. c5 dxc5
22. bxc5 bxc5 23. Nxc5 Nxc5 24. Rxc5 Bd6 25. Rxc8 Rxc8 26. Qb2 Rb8 27. Qa2 Re8
28. Qb3 Rb8 29. Qa4 g6 30. Qa5 e5 31. Nc2 Rc8 32. Ne1 Ne8 33. Nd3 f6 34. Qb6 Bc6
35. Qb3+ Kg7 36. Qe6 Bxa3 37. Nxe5 fxe5 38. Bc4 Nd6 39. Qxe5+ Kf8 40. Qh8+ Ke7
41. Qxh7+ Ke8 42. Qxg6+ Kf8 43. Qg8+ Ke7 44. Qe6+ Kf8 45. Be3 Rc7 46. Qg8+ 1-0